Higher taxes at the top: The role of entrepreneurs (Record no. 518898)

000 -LEADER
fixed length control field 01100nam a22001457a 4500
008 - FIXED-LENGTH DATA ELEMENTS--GENERAL INFORMATION
fixed length control field 211218b ||||| |||| 00| 0 eng d
100 ## - MAIN ENTRY--PERSONAL NAME
Personal name Bruggemann, Bettina
245 ## - TITLE STATEMENT
Title Higher taxes at the top: The role of entrepreneurs
260 ## - PUBLICATION, DISTRIBUTION, ETC. (IMPRINT)
Place of publication, distribution, etc The American Economic Journal: Macroeconomic
300 ## - PHYSICAL DESCRIPTION
Extent 13(3), Jul, 2021: p.1-36
520 ## - SUMMARY, ETC.
Summary, etc This paper computes optimal top marginal tax rates in Bewley-Huggett-Aiyagari–type economies that include entrepreneurs. Consistent with the data, entrepreneurs are overrepresented at the top of the income distribution and are thus disproportionately affected by an increase in the top marginal income tax rate. The top marginal tax rate that maximizes welfare is 60 percent. While average welfare gains are positive and similar across occupations along the transition, they are larger for entrepreneurs than for workers in the long run, and this occupational gap in welfare gains after the tax increase widens with increasing income. – Reproduced
773 ## - HOST ITEM ENTRY
Main entry heading The American Economic Journal: Macroeconomic
906 ## - LOCAL DATA ELEMENT F, LDF (RLIN)
Subject DIP TAXATION
942 ## - ADDED ENTRY ELEMENTS (KOHA)
Item type Articles
Holdings
Withdrawn status Lost status Source of classification or shelving scheme Damaged status Not for loan Permanent location Current location Date acquired Serial Enumeration / chronology Barcode Date last seen Koha item type
          Indian Institute of Public Administration Indian Institute of Public Administration 2021-12-18 13(3), Jul, 2021: p.1-36 AR125942 2021-12-18 Articles

Powered by Koha